| 000 | 00954nam a22002411u 4500 | ||
|---|---|---|---|
| 001 | 05673 | ||
| 003 | HDC | ||
| 007 | cr bn ---aaaaa | ||
| 008 | 210120p2014 | d 00 engg | ||
| 040 | _aHDC | ||
| 245 | 0 |
_a Perceived Importance On Malaysian Halal And Authentic Heritage Food (Hahfo) : International Muslim Tourists' Purchase Intention Behaviour / by _cSiti Nazirah Omar, Siti Radhiah Omar and Shahrim Ab Karim |
|
| 260 |
_a[no place] : _b[publisher not identified], _c2014 |
||
| 300 | _a 1 online resource (7 pages) | ||
| 336 |
_atext _2rdacontent |
||
| 337 |
_acomputer _2rdamedia |
||
| 338 |
_aonline resource _2rdacarrier |
||
| 650 |
_aHalal issue _95245 |
||
| 650 |
_aMalaysian heritage food _95963 |
||
| 856 | _zRequest full-text at [email protected] | ||
| 942 | _2lcc | ||
| 942 | _cAR | ||
| 942 | _kJART 001461 | ||
| 999 |
_c2997 _d2997 |
||